000 00607nam a2200229Ia 4500
003 OSt
005 20221007080924.0
006 a|||||r|||| 00| 0
007 ta
008 221006b |||||||| |||| 00| 0 eng d
024 _a9,705
037 _cTextual
040 _aFLL
_cFLL
_beng
041 _2eng
_aeng
082 _aY111:45:6, K2
100 _aCavan Ruth Shonle
_9134916
245 0 _aJavenile delinquency
260 _aNew York
_bJ.B. Lippincott Company New
_c1962
300 _a366p
_ccm.
942 _hY111:45:6, K2
_cTEXL
_2CC
999 _c1161381
_d1161381